Relativistic kinematics: A guide to the kinematic problems of high-energy Physics
Furkejuvvon:
| Váldodahkki: | |
|---|---|
| Materiálatiipa: | Girji |
| Giella: | eaŋgalasgiella |
| Almmustuhtton: |
Reading
Benjamin Cummings Publishing
1963
|
| Fáttát: | |
| Fáddágilkorat: |
Lasit fáddágilkoriid
Eai fáddágilkorat, Lasit vuosttaš fáddágilkora!
|
MARC
| LEADER | 00000nam a2200000 a 4500 | ||
|---|---|---|---|
| 001 | UCG1010 | ||
| 003 | CL-VaPUC | ||
| 008 | 100415e19630000US |||||||||||||||||eng|d | ||
| 082 | 0 | 4 | |a 530.11 |b HAG |2 21 |
| 100 | 0 | |a Hagedorn, R |e author |9 548740 | |
| 245 | 1 | 0 | |a Relativistic kinematics: A guide to the kinematic problems of high-energy Physics |
| 300 | |a 166 p | ||
| 942 | |c BK | ||
| 945 | |d 20100415 00:00:00 |a dcastane | ||
| 260 | |a Reading |b Benjamin Cummings Publishing |c 1963 | ||
| 650 | 7 | |a RELATIVIDAD FISICA |2 CL-VaPUC |9 265410 | |
| 650 | 0 | |a Física |9 227844 | |
| 650 | 0 | |a Teoría de la relatividad |9 266149 | |
| 583 | |a last modification |c 20100415 00:00:00 |k Rodrigo Vera | ||
| 999 | |c 340491 |d 340489 | ||
| 952 | |0 0 |1 0 |4 0 |6 530_110000000000000_HAG_1963 |7 0 |8 A |9 435264 |a BIBCUR |b BIBCUR |d 2019-11-22 |i 464848K |o 530.11 HAG 1963 |p 464848K |r 2025-04-22 |w 2019-11-22 |y BK |k FIS | ||